Kríza modelu sociálneho trhového hospodárstva

Riziká fungovania modelu sociálneho trhového hospodárstva v súčasnosti. Podmienky a predpoklady fungovania modelu sociálneho trhového hospodárstva. Konkurencia a monopol. Úloha a funkcie štátu a sociálny systém. Záujmové skupiny a nové feudality. Globálna kríza začiatkom 21. storočia a neudržateľnos...

Descripción completa

Guardado en:
Detalles Bibliográficos
Autor principal: Lisý, Ján
Formato: Capítulo de libro
Lenguaje:eslovaco
Materias:
Etiquetas: Agregar Etiqueta
Sin Etiquetas, Sea el primero en etiquetar este registro!

MARC

LEADER 00000nla a2200000 4500
001 0225714
005 20240712110724.7
041 0 |a slo 
044 |a SK 
245 1 0 |a Kríza modelu sociálneho trhového hospodárstva  |c Ján Lisý 
520 |a Riziká fungovania modelu sociálneho trhového hospodárstva v súčasnosti. Podmienky a predpoklady fungovania modelu sociálneho trhového hospodárstva. Konkurencia a monopol. Úloha a funkcie štátu a sociálny systém. Záujmové skupiny a nové feudality. Globálna kríza začiatkom 21. storočia a neudržateľnosť názorov o minimalizácii úlohy štátu v spoločnosti. 
610 2 0 |a hospodárstvo trhové sociálne 
610 2 0 |a štát 
610 2 0 |a kríza 
610 2 0 |a vlastníctvo súkromné 
610 2 0 |a konkurencia 
610 2 0 |a monopoly 
610 2 0 |a skupiny záujmové 
100 1 |a Lisý, Ján